LEADER 01067nam--2200385---450- 001 990001527470203316 005 20050919102458.0 035 $a000152747 035 $aUSA01000152747 035 $a(ALEPH)000152747USA01 035 $a000152747 100 $a20040323d1950----km-y0itay0103----ba 101 0 $afre 102 $aCH 105 $a||||||||001yy 200 1 $aMélite$fPierre Corneille$gpar M. Roques et M. Lièvre 210 $aGenève$cDroz$d1950 215 $aXLIII, 148 p.$d20 cm 410 0$12001 454 1$12001 461 1$1001-------$12001 700 1$aCORNEILLE,$bPierre$0131516 702 1$aROQUES,$bM. 702 1$aLIEVRES,$bM. 801 0$aIT$bsalbc$gISBD 912 $a990001527470203316 951 $aVI.4. Coll.20/ 25(II F G 25)$b32362 L.M.$cII F 959 $aBK 969 $aUMA 979 $aSIAV3$b10$c20040323$lUSA01$h1639 979 $aSIAV3$b10$c20040323$lUSA01$h1641 979 $aPATRY$b90$c20040406$lUSA01$h1746 979 $aCOPAT5$b90$c20050919$lUSA01$h1024 996 $aMelite$9212732 997 $aUNISA LEADER 02241nam2 22004933i 450 001 VAN00292465 005 20250724103534.80 017 70$2N$a9789401714136 100 $a20250508d1994 |0itac50 ba 101 $aeng 102 $aNL 105 $a|||| ||||| 181 $ai$b e 182 $ab 183 $acr 200 1 $aˆVol. 2.: The ‰Analysis of Ancient and Medieval Records$fby A. T. Fomenko 210 $aDordrecht$cSpringer$cKluwer$d1994 215 $axiii, 455 p.$d24 cm 461 1$1001VAN00292456$12001 $aEmpirico-Statistical Analysis of Narrative Material and its Applications to Historical Dating$fby A. T. Fomenko$1210 $aDordrecht$cSpringer$cKluwer$d1994$1215 $a2 volumi$d24 cm$v2 606 $a00Axx$xGeneral and miscellaneous specific topics [MSC 2020]$3VANC027112$2MF 606 $a62-XX$xStatistics [MSC 2020]$3VANC022998$2MF 606 $a62Pxx$xApplications of statistics [MSC 2020]$3VANC027777$2MF 606 $a91F10$xHistory, political science [MSC 2020]$3VANC035649$2MF 606 $a92-XX$xBiology and other natural sciences [MSC 2020]$3VANC020839$2MF 610 $aApplied Statistics$9KW:K 610 $aAstronomy$9KW:K 610 $aPlanets$9KW:K 610 $aStars$9KW:K 610 $aStatistics$9KW:K 620 $aNL$dDordrecht$3VANL000068 700 1$aFomenko$bAnatolij T.$3VANV030252$0541665 712 $aKluwer $3VANV108116$4650 712 $aSpringer $3VANV108073$4650 790 1$aFomenko, Anatolij Timofeevi?$zFomenko, Anatolij T.$3VANV044248 790 1$aFomenko, A.T.$zFomenko, Anatolij T.$3VANV062035 790 1$aFomenko, A. T.$zFomenko, Anatolij T.$3VANV062036 801 $aIT$bSOL$c20250725$gRICA 856 4 $uhttps://doi.org/10.1007/978-94-017-1413-6$zE-book ? Accesso al full-text attraverso riconoscimento IP di Ateneo, proxy e/o Shibboleth 899 $aBIBLIOTECA DEL DIPARTIMENTO DI MATEMATICA E FISICA$1IT-CE0120$2VAN08 912 $fN 912 $aVAN00292465 950 $aBIBLIOTECA DEL DIPARTIMENTO DI MATEMATICA E FISICA$d08DLOAD e-Book 11611 $e08eMF11611 20250625 996 $aAnalysis of Ancient and Medieval Records$94373341 997 $aUNICAMPANIA